Некоторые вопросы теории электронных циклических ускорителей; Известия вузов. Электромеханика; № 5

Xehetasun bibliografikoak
Parent link:Известия вузов. Электромеханика.— , 1958-
№ 5.— 1958.— С. 106-111
Egile nagusia: Воробьев А. А. Александр Акимович
Hizkuntza:errusiera
Argitaratua: 1958
Gaiak:
Formatua: MixedMaterials Liburu kapitulua
KOHA link:https://koha.lib.tpu.ru/cgi-bin/koha/opac-detail.pl?biblionumber=428317

MARC

LEADER 00000naa2a2200000 4500
001 428317
005 20231101074824.0
035 |a (RuTPU)RU\TPU\prd\87855 
035 |a RU\TPU\tpu\5034 
090 |a 428317 
100 |a 20101009a1958 k y0rusy50 ca 
101 0 |a rus 
102 |a RU 
200 1 |a Некоторые вопросы теории электронных циклических ускорителей  |f А. А. Воробьев 
461 |0 (RuTPU)RU\TPU\prd\195  |t Известия вузов. Электромеханика  |d 1958- 
463 |0 (RuTPU)RU\TPU\prd\45072  |t № 5  |v С. 106-111  |d 1958 
610 1 |a труды учёных ТПУ 
700 1 |a Воробьев  |b А. А.  |c российский физик  |c ректор Томского политехнического института, профессор  |f 1909-1981  |g Александр Акимович  |2 stltpush  |3 (RuTPU)RU\TPU\pers\12805  |4 070 
801 0 |a RU  |b 63413507  |c 20011210  |g PSBO 
801 2 |a RU  |b 63413507  |c 20180313  |g PSBO 
942 |c BK